000
00338nam a2200145Ia 4500
008
100204s9999 xx 000 0 und d
082
_b
22040
100
_a
HASLET A. W.
245
_a
SCIENCE NEWS- 29
260
_b
PPENGUIN BOOKS
_c
1953
300
_a
128
630
_a
SCIENCE NEWS- 29
730
_a
SCIENCE NEWS- 29
942
_c
BOOK
999
_c
467152
_d
467149